000
00336pab a2200145 454500
008
180718b2003 xxu||||| |||| 00| 0 eng d
100
_a
Risher, Howard
245
_a
Tapping unused employee capabilities
260
_c
2003
300
_a
p.34-38.
362
_a
Sep
650
_a
Employees
773
_a
Public Manager
909
_a
58061
999
_c
58061
_d
58061